[Event "Mechanics' Spring TNM; G/2 d5"]
[Site "San Francisco"]
[Date "2018.03.27"]
[Round "2.21"]
[White "Uzzaman, Ashik"]
[Black "Agdamag, Samuel"]
[Result "1-0"]
[WhiteElo "2096"]
[BlackElo "1452"]
[Annotator "Donaldson"]
[PlyCount "141"]
[EventDate "2018.??.??"]
[Source "ChessBase"]
[SourceDate "2007.09.04"]

1. e4 d5 2. exd5 Qxd5 3. Nc3 Qd8 4. d4 c6 5. Nf3 Bf5 6. Bc4 e6 7. O-O h6 8. Re1
Nf6 9. Bf4 Be7 10. Qe2 O-O 11. Rad1 Bd6 12. Ne5 Qc7 13. h3 Nbd7 14. g4 Bh7 15.
g5 hxg5 16. Bxg5 Bf5 17. Kg2 Rfe8 18. f4 Be7 19. Bb3 Nb6 20. Qf2 Qd8 21. Re3
Nh5 22. Bxe7 Qxe7 23. Ne4 Nd5 24. Bxd5 cxd5 25. Ng3 Nxg3 26. Rxg3 Be4+ 27. Kh2
Rac8 28. c3 Qf6 29. Rdg1 g6 30. Nd7 Qe7 31. Nc5 Bf5 32. Qe2 b6 33. Nd3 Qh4 34.
Rf1 Kg7 35. Qe5+ Qf6 36. Qe3 Rh8 37. Ne5 Rh6 38. Ng4 Bxg4 39. Rxg4 Rch8 40. Rf3
Qf5 41. Qe5+ Qxe5 42. fxe5 Rh4 43. Rgg3 Re4 44. Rg2 Rhh4 45. Rgf2 f5 46. exf6+
Kf7 47. Kg3 Rh5 48. a4 a5 49. b4 axb4 50. Rb2 Rg5+ 51. Kf2 bxc3 52. Rxc3 Rf5+
53. Kg2 Rxd4 54. Rxb6 Rxa4 55. Re3 Ra2+ 56. Kg3 Rxf6 57. Rb7+ Ke8 58. Rc3 Ra8
59. Rcc7 Ra3+ 60. Kg4 Kd8 61. Rh7 Kc8 62. Rbg7 Ra4+ 63. Kg5 Rf5+ 64. Kxg6 Rf8
65. Re7 Ra6 66. h4 e5+ 67. Kg7 Raf6 68. Rh5 Kd8 69. Rhxe5 d4 70. Ra7 {
Diagram [#]} Rd6 $4 (70... Rf5 71. Re6 d3 72. Rd6+ Ke8 73. Rxd3 R5f7+ 74. Rxf7
Rxf7+ 75. Kg6 $11) 71. Kxf8 1-0

[Event "Mechanics' Spring TNM; G/2 d5"]
[Site "San Francisco"]
[Date "2018.04.10"]
[Round "4.6"]
[White "Uzzaman, Ashik"]
[Black "Clemens, Kristian"]
[Result "0-1"]
[WhiteElo "2096"]
[BlackElo "1917"]
[PlyCount "102"]
[EventDate "2018.??.??"]
[Source "ChessBase"]
[SourceDate "2007.09.04"]

1. e4 e5 2. f4 exf4 3. Nf3 d5 4. exd5 Nf6 5. d4 Nxd5 6. Bc4 Be6 7. Qe2 Be7 8.
O-O O-O 9. c3 c5 10. Kh1 Nc6 11. Rd1 Qd7 12. Ne5 Nxe5 13. dxe5 Bg4 14. Bxd5
Bxe2 15. Bxf7+ Kxf7 16. Rxd7 Rad8 17. Rxd8 Rxd8 18. Nd2 Ke6 19. Kg1 Kxe5 20.
Kf2 Bb5 21. Nf3+ Kf5 22. Bd2 Bc6 23. Re1 Bf6 24. Bc1 Re8 25. Rd1 Rd8 26. Re1 g5
27. Ng1 Re8 28. Rd1 Rd8 29. Re1 h6 30. Nf3 a6 31. Ng1 Re8 32. Rd1 Rd8 33. Re1
Bd5 34. a3 Bb3 35. Nf3 Rd1 36. Nd2 Rxe1 37. Kxe1 Bd5 38. Kf2 b6 39. Nf3 a5 40.
Ne1 a4 41. Ke2 Ke4 42. Kf2 h5 43. Bd2 g4 44. g3 fxg3+ 45. hxg3 h4 46. Bf4 b5
47. Bd6 h3 48. Nc2 Kd3 49. Ne1+ Kc4 50. Kg1 Bg5 51. Be5 Be4 0-1

[Event "Mechanics' Spring TNM; G/2 d5"]
[Site "San Francisco"]
[Date "2018.04.24"]
[Round "6.45"]
[White "Uzzaman, Ashik"]
[Black "Nassif, Wassim"]
[Result "1-0"]
[WhiteElo "2096"]
[BlackElo "1125"]
[PlyCount "53"]
[EventDate "2018.??.??"]
[Source "ChessBase"]
[SourceDate "2007.09.04"]

1. e4 e5 2. f4 d6 3. Nf3 Nc6 4. Bc4 h6 5. O-O Nf6 6. d3 a6 7. Nc3 b5 8. Bd5 Bb7
9. Bxc6+ Bxc6 10. Kh1 Nd7 11. Qe1 Be7 12. Qg3 Bf6 13. Bd2 Qe7 14. Rae1 O-O-O
15. d4 Rde8 16. Nd5 Bxd5 17. exd5 exf4 18. Qxf4 Qd8 19. a4 g5 20. Qf5 Reg8 21.
axb5 axb5 22. Qd3 g4 23. Ng1 h5 24. Ra1 Nb6 25. Qf5+ Kb7 26. Qxf6 Qxf6 27. Rxf6
1-0

[Event "Mechanics' Winter TNM; G/2 d5"]
[Site "San Francisco"]
[Date "2018.02.20"]
[Round "7.39"]
[White "Van Der Wall, John"]
[Black "Badgett Jr, James"]
[Result "1-0"]
[WhiteElo "1534"]
[BlackElo "1012"]
[Annotator "Donaldson"]
[PlyCount "71"]
[EventDate "2018.??.??"]
[Source "ChessBase"]
[SourceDate "2007.09.04"]

1. d4 d5 2. c4 c6 3. Nc3 Nf6 4. Bf4 Nbd7 (4... dxc4) 5. e3 e6 6. Bd3 a6 7. Nge2
(7. Nf3) 7... Nh5 8. Bg3 Nxg3 9. Nxg3 (9. hxg3) 9... Nb6 10. cxd5 cxd5 11. O-O
Bd7 12. e4 h6 $2 (12... Bc6) 13. f4 (13. exd5 exd5 14. Re1+ Be7 15. Qb3 Be6 16.
Bf5 $16) 13... g5 14. e5 f5 15. exf6 Qxf6 16. Qh5+ Kd8 17. Nge2 Bd6 18. fxg5
hxg5 19. Rxf6 Rxh5 20. Ng3 Rh8 21. Rg6 Bf4 22. Nce2 Be3+ 23. Kh1 Rc8 24. Rf1
Nc4 25. b3 Nb2 26. Bb1 Re8 27. Rf7 Bxd4 28. Nxd4 Rc1+ 29. Rf1 Rxf1+ 30. Nxf1
Rf8 31. Kg1 Kc8 32. Nxe6 Re8 33. Nd4 Re5 34. Nf3 Re2 35. Rxg5 d4 36. Nxd4 1-0

[Event "Mechanics' Winter TNM; G/2 d5"]
[Site "San Francisco"]
[Date "2018.02.06"]
[Round "5.37"]
[White "Van Der Wall, John"]
[Black "Marcus, Joel"]
[Result "0-1"]
[WhiteElo "1534"]
[BlackElo "1914"]
[PlyCount "48"]
[EventDate "2018.??.??"]
[Source "ChessBase"]
[SourceDate "2007.09.04"]

1. Nf3 d6 2. e4 Nf6 3. Nc3 e5 4. Bc4 Be7 5. d4 Nbd7 6. O-O c6 7. Re1 Qc7 8. d5
h6 9. b3 Nf8 10. dxc6 bxc6 11. Bb2 Bg4 12. a4 a5 13. Bf1 Ne6 14. Qd3 Nc5 15.
Qe3 Nh7 16. Nh4 $2 Bxh4 17. Ba3 Bg5 18. Qg3 Be6 19. Rad1 O-O 20. b4 axb4 21.
Bxb4 Rab8 22. Ba3 Rfd8 23. f3 Qa5 24. Bxc5 Qxc5+ 0-1

[Event "Mechanics' Winter TNM; G/2 d5"]
[Site "San Francisco"]
[Date "2018.01.23"]
[Round "3.23"]
[White "Van Der Wall, John"]
[Black "McKellar, Daniel"]
[Result "0-1"]
[WhiteElo "1534"]
[BlackElo "1829"]
[PlyCount "92"]
[EventDate "2018.??.??"]
[Source "ChessBase"]
[SourceDate "2007.09.04"]

1. d4 d5 2. c4 c6 3. Nf3 Nf6 4. Bf4 $6 Bf5 (4... dxc4 $1 {
and it will be hard for White to recover the pawn.}) 5. Qb3 Qb6 6. Qxb6 axb6 7.
e3 e6 8. Nc3 Nbd7 9. Rc1 Be7 10. Nh4 Bg4 11. h3 Bh5 12. g4 Bg6 13. Nxg6 hxg6
14. Bg2 dxc4 15. a3 Nd5 16. Bg3 Nxc3 17. Rxc3 b5 18. O-O Nb6 19. e4 b4 20. Rcc1
bxa3 21. bxa3 Rxa3 22. Rb1 Bd8 23. Bd6 Ra6 24. Ra1 Na4 25. e5 Kd7 26. Ra2 Bc7
27. Bb4 b5 28. f4 Bb6 29. Rd1 Kc7 30. Ra3 Rd8 31. Bd6+ Kb7 32. Rb1 Bxd4+ 33.
Kf1 Kb6 34. Be7 Rd7 35. Bh4 Bc5 36. Raa1 Be3 37. f5 gxf5 38. g5 Rd4 39. Bf2
Bxf2 (39... Rf4) 40. Kxf2 Nc5 41. Rxa6+ Nxa6 42. Ke3 Rd3+ 43. Ke2 Nc5 44. h4 g6
45. Bf3 Ne4 46. Rh1 Ng3+ 0-1

[Event "Mechanics' Winter TNM; G/2 d5"]
[Site "San Francisco"]
[Date "2018.01.09"]
[Round "1.6"]
[White "Van Der Wall, John"]
[Black "Wong, Russell"]
[Result "0-1"]
[WhiteElo "1534"]
[BlackElo "2200"]
[PlyCount "50"]
[EventDate "2018.??.??"]
[Source "ChessBase"]
[SourceDate "2007.09.04"]

1. d4 Nf6 2. Bf4 b6 3. Nf3 Bb7 4. e3 e6 5. c4 Bb4+ 6. Nbd2 O-O 7. Bd3 d5 8. a3
Bd6 9. Bg3 Nbd7 10. Bxd6 cxd6 11. Rc1 e5 12. Ng5 exd4 13. exd4 Ne4 14. Ngxe4
dxe4 15. Nxe4 Bxe4 16. O-O Nf6 17. Be2 Re8 18. f3 Bg6 19. b4 Qe7 20. Rf2 Qe3
21. Qe1 Bd3 22. Kf1 Qxd4 23. Rc3 Bxe2+ 24. Rxe2 Rxe2 25. Kxe2 Re8+ 0-1

[Event "Mechanics' Spring TNM; G/2 d5"]
[Site "San Francisco"]
[Date "2018.04.17"]
[Round "5.30"]
[White "Vemuri, Anand"]
[Black "Singh, Amitoj P"]
[Result "1-0"]
[WhiteElo "1581"]
[BlackElo "1710"]
[Annotator "Winslow,Elliott"]
[PlyCount "33"]
[EventDate "2018.??.??"]
[Source "ChessBase"]
[SourceDate "2007.09.04"]

1. d4 d5 2. c4 c6 3. Nc3 Nf6 4. Nf3 dxc4 5. a4 g6 (5... Bf5) (5... Bg4) (5...
Na6) (5... e6) 6. e4 Bg7 7. Bxc4 Bg4 $4 8. Bxf7+ Kf8 9. e5 Kxf7 10. exf6 exf6
11. Qb3+ Ke8 12. O-O Qc7 13. Re1+ Kd8 {[#]} 14. Bf4 {Very nice.} (14. d5 {and})
(14. Ng5 {were winning as well!}) (14. Re4 {even!}) 14... Qd7 15. d5 Re8 16.
dxc6 Nxc6 17. Red1 1-0

[Event "Mechanics' Spring TNM; G/2 d5"]
[Site "San Francisco"]
[Date "2018.03.27"]
[Round "2.39"]
[White "Vemuri, Anand"]
[Black "Tabatabai, Ashkon"]
[Result "1-0"]
[WhiteElo "1581"]
[BlackElo "1190"]
[Annotator "Donaldson"]
[PlyCount "43"]
[EventDate "2018.??.??"]
[Source "ChessBase"]
[SourceDate "2007.09.04"]

1. d4 d5 2. c4 Nf6 $6 3. Nc3 (3. cxd5 Nxd5 4. Nf3 $14) 3... e6 4. Nf3 Bb4 5.
Bg5 dxc4 6. e4 h6 (6... c5) 7. Bh4 g5 8. Bg3 Nxe4 9. Qc2 f5 10. Be5 Rh7 11.
Bxc4 c5 12. O-O cxd4 13. Nxe4 fxe4 14. Qxe4 Rc7 15. Bxc7 Qxc7 16. Qxd4 Bc5 17.
Qh8+ Bf8 18. Rac1 Bd7 19. Bxe6 Qd6 20. Bxd7+ Qxd7 21. Rfe1+ Kf7 22. Ne5+ 1-0

[Event "Mechanics' Spring TNM; G/2 d5"]
[Site "San Francisco"]
[Date "2018.04.03"]
[Round "3.23"]
[White "Vemuri, Anand"]
[Black "Wonsever, James"]
[Result "0-1"]
[WhiteElo "1581"]
[BlackElo "1825"]
[Annotator "Donaldson"]
[PlyCount "64"]
[EventDate "2018.??.??"]
[Source "ChessBase"]
[SourceDate "2007.09.04"]

1. d4 d5 2. c4 c6 3. Nf3 Nf6 4. Nc3 e6 5. e3 Nbd7 6. Bd3 Bd6 7. O-O O-O 8. b3
e5 9. cxd5 cxd5 10. Nb5 Bb8 11. dxe5 Nxe5 12. Bb2 Bg4 13. Be2 Re8 14. Re1 Ne4
15. Bxe5 Bxe5 16. Nxe5 Bxe2 {Diagram [#]} 17. Nxf7 $1 $16 Kxf7 18. Qxe2 a6 19.
Nd4 Kg8 20. Rac1 Qd6 21. Qg4 Qf6 22. f3 Nd6 23. Rc7 h5 24. Qxh5 Re5 25. Qg4
Rae8 26. Nc2 (26. Rc3 $18) 26... Rg5 27. Qf4 (27. Qd4 $18) 27... Qg6 28. Re2 $2
(28. Nd4 $16) 28... Rf8 29. Qd4 Nb5 30. Qc5 Nxc7 31. Qxc7 Rxf3 32. Nd4 Qb1+ 0-1

[Event "Mechanics' Bedjanian TNM; G/2 d/5"]
[Site "San Francisco"]
[Date "2018.11.13"]
[Round "4.1"]
[White "Vickers, Keith"]
[Black "Chambers, Ezra"]
[Result "0-1"]
[WhiteElo "2200"]
[BlackElo "2332"]
[PlyCount "50"]
[EventDate "2018.??.??"]
[Source "ChessBase"]
[SourceDate "2007.09.04"]

1. d4 d6 2. Nf3 g6 3. Nc3 Bg7 4. e4 Nc6 5. Be3 Nf6 6. Qd2 Bg4 7. Be2 O-O 8. h3
Bxf3 9. Bxf3 e5 10. d5 Nd4 11. O-O-O c5 12. Bh6 b5 13. Bxg7 Kxg7 14. Ne2 Nxe2+
15. Qxe2 c4 16. h4 c3 17. h5 Qa5 18. bxc3 Rac8 19. Rd3 Qxa2 20. Kd2 b4 21. Qe3
b3 22. Bd1 b2 23. hxg6 fxg6 24. Qh6+ Kg8 25. Bh5 Nxe4+ 0-1

[Event "Mechanics' Winter TNM; G/2 d5"]
[Site "San Francisco"]
[Date "2018.02.20"]
[Round "7.4"]
[White "Vickers, Keith"]
[Black "Childress, Jason W"]
[Result "1-0"]
[WhiteElo "2200"]
[BlackElo "2039"]
[Annotator "Donaldson"]
[PlyCount "21"]
[EventDate "2018.??.??"]
[Source "ChessBase"]
[SourceDate "2007.09.04"]

1. Nc3 c5 2. f4 d5 3. e4 d4 (3... dxe4 4. Nxe4 {
transposes to a line more commonly via the move order 1.e4 c5 2.f4 d5 3.Nc3.})
4. Nce2 Nf6 5. Ng3 Qc7 6. d3 Bg4 7. Be2 h5 8. e5 Bxe2 9. Qxe2 h4 10. Ne4 Nd5 $4
(10... Nxe4 $11) 11. Nd6+ 1-0

[Event "Mechanics' Vartan Bedjanian TNM; G/2 d/"]
[Site "San Francisco"]
[Date "2018.11.07"]
[Round "3.4"]
[White "Vickers, Keith"]
[Black "Hakobyan, Sos"]
[Result "1-0"]
[WhiteElo "2200"]
[BlackElo "1855"]
[PlyCount "86"]
[EventDate "2018.??.??"]
[Source "ChessBase"]
[SourceDate "2007.09.04"]

1. d4 Nf6 2. Nf3 e6 3. e3 c5 4. c3 Nc6 5. Bd3 d5 6. Nbd2 Bd7 7. O-O Rc8 8. Ne5
cxd4 9. exd4 h6 10. f4 Qb6 11. Qe2 Qc7 12. Ndf3 a6 13. f5 Be7 14. Nxd7 Qxd7 15.
Ne5 Nxe5 16. dxe5 Nh7 17. fxe6 fxe6 18. Qh5+ Kd8 19. Be3 Kc7 20. Rf7 Kb8 21.
Rxg7 Ng5 22. Rf1 Qd8 23. h4 Qc7 24. Bd4 Ne4 25. Rff7 Rce8 26. Bxe4 dxe4 27. Qg4
e3 28. Qe4 Rhf8 29. Qxe3 Rxf7 30. Rxf7 Rg8 31. Qf3 Kc8 32. Kh1 Kd8 33. Qe4 Qc6
34. Qxc6 bxc6 35. Rf4 Rg3 36. Bf2 Rg6 37. g4 Kc8 38. Kg2 Rg7 39. Kf3 Kb7 40. b4
a5 41. a4 axb4 42. cxb4 Ka6 43. Rc4 Kb7 {and White won in time scramble} 1-0

[Event "Mechanics' Shipman TNM; G/2 d/5"]
[Site "San Francisco"]
[Date "2018.09.25"]
[Round "8.7"]
[White "Vickers, Keith"]
[Black "Hakobyan, Sos"]
[Result "1/2-1/2"]
[WhiteElo "2200"]
[BlackElo "1817"]
[Annotator "Winslow,Elliott"]
[PlyCount "120"]
[EventDate "2018.??.??"]
[Source "ChessBase"]
[SourceDate "2007.09.04"]

1. d4 Nf6 2. Nf3 e6 3. c3 c5 4. Bf4 Nc6 5. e3 Nh5 6. Bg5 Qb6 7. Qb3 f6 8. Qxb6
axb6 9. Bh4 g5 10. Bg3 Nxg3 11. hxg3 d5 12. Bd3 h6 13. Nbd2 f5 $4 14. Nxg5 c4
15. Be2 Be7 16. Nh3 b5 17. Nf4 b4 18. Bh5+ Kd7 19. Ng6 Rh7 20. Nxe7 Kxe7 21.
Ke2 bxc3 22. bxc3 Ra3 23. Nb1 Ra6 24. Kd2 Na5 25. Na3 Kf6 26. Rhb1 Bd7 27. Bd1
Rh8 28. Nb5 Bc6 29. a4 Ke7 30. Bc2 Kd7 31. Ke2 Rc8 32. Rb4 b6 33. Kf3 Nb7 34.
Rh1 Rh8 35. Kf4 Bxb5 36. Rxb5 Nd6 37. Rb4 Nf7 38. Rhb1 Rb8 39. f3 Nd6 40. e4
fxe4 41. fxe4 Rf8+ 42. Ke3 Kc7 43. e5 Nf5+ 44. Bxf5 Rxf5 45. g4 Rg5 46. Kf4 Rg6
47. a5 bxa5 48. Rb7+ Kc6 49. Rf7 Rb6 50. Rxb6+ Kxb6 51. Rf6 Rg8 52. Rxe6+ Kb5
53. Rxh6 a4 54. Rh1 a3 55. e6 Ka4 56. Ke5 Kb3 57. Kxd5 Kxc3 58. e7 a2 $18 59.
Ke6 Kb2 60. Kf7 Ra8 {No more moves and drawn -- but} (60... Ra8 61. d5 a1=Q 62.
Rxa1 Kxa1 63. d6 c3 64. d7 c2 65. d8=Q Rxd8 66. exd8=Q c1=Q 67. g5 {is a win})
1/2-1/2

[Event "Mechanics' Shipman TNM; G/2 d/5"]
[Site "San Francisco"]
[Date "2018.08.14"]
[Round "2.3"]
[White "Vickers, Keith"]
[Black "Harris, John"]
[Result "1-0"]
[WhiteElo "2200"]
[BlackElo "1841"]
[PlyCount "95"]
[EventDate "2018.??.??"]
[Source "ChessBase"]
[SourceDate "2007.09.04"]

1. d4 e6 2. Bf4 Nf6 3. e3 c5 4. c3 Nc6 5. Nd2 d5 6. Bd3 cxd4 7. exd4 Bd6 8.
Bxd6 Qxd6 9. Ngf3 O-O 10. O-O e5 11. Nxe5 Nxe5 12. dxe5 Qxe5 13. Re1 Qd6 14. h3
Bd7 15. Nf3 Rfe8 16. Bc2 Qf4 17. Qd4 Rxe1+ 18. Rxe1 Qxd4 19. Nxd4 Re8 20. Rd1
h5 21. f3 Kf8 22. h4 Re5 23. Kf2 Ke7 24. a4 a6 25. a5 Kd8 26. b4 Kc7 27. Bb3 g6
28. Ne2 Bb5 29. Nf4 Kc6 30. Rd2 Rf5 31. g3 Re5 32. Nd3 Bxd3 33. Rxd3 Kd6 34.
Rd4 Ke6 35. Bc2 Ke7 36. g4 hxg4 37. fxg4 Ne4+ 38. Bxe4 dxe4 39. g5 Rf5+ 40. Ke3
Rf3+ 41. Kxe4 Rxc3 42. Kd5 Rc6 43. Re4+ Kd7 44. Rf4 Ke7 45. Rf3 Rd6+ 46. Kc4
Rc6+ 47. Kb3 Re6 48. Rf4 {The position is equal, but White went on to win.
Remaining moves are unavailable.} 1-0

[Event "Mechanics' Winter TNM; G/2 d5"]
[Site "San Francisco"]
[Date "2018.01.09"]
[Round "1.5"]
[White "Vickers, Keith"]
[Black "Hope, Frederick"]
[Result "1-0"]
[WhiteElo "2200"]
[BlackElo "1536"]
[PlyCount "23"]
[EventDate "2018.??.??"]
[Source "ChessBase"]
[SourceDate "2007.09.04"]

1. Nc3 e5 2. Nf3 Nc6 3. d4 exd4 4. Nxd4 Nxd4 5. Qxd4 Nf6 6. Bg5 Be7 7. O-O-O
O-O 8. h4 h6 9. e3 a6 10. Bd3 c5 11. Qf4 b5 $4 {Diagram [#]} 12. Bxf6 1-0

[Event "Mechanics' Winter TNM; G/2 d5"]
[Site "San Francisco"]
[Date "2018.02.06"]
[Round "5.5"]
[White "Vickers, Keith"]
[Black "Jones, James E"]
[Result "1-0"]
[WhiteElo "2200"]
[BlackElo "2017"]
[PlyCount "53"]
[EventDate "2018.??.??"]
[Source "ChessBase"]
[SourceDate "2007.09.04"]

1. Nc3 g6 2. f4 Bg7 3. Nf3 Nf6 4. g3 d5 5. d4 c5 6. e3 O-O 7. Bg2 Nc6 8. O-O
Bg4 9. h3 Bxf3 10. Bxf3 Qb6 11. Na4 Qb5 12. Nxc5 Rfd8 13. Qd3 Qb6 14. Qb3 Qxb3
15. Nxb3 Nb4 16. Bd2 a5 17. a3 Nxc2 18. Rac1 Rdc8 19. Nc5 b6 20. Rxc2 bxc5 21.
dxc5 e6 22. b4 Bf8 23. Rfc1 axb4 24. axb4 Ra3 25. Kf2 Rb3 26. Ra2 Ne8 27. Bd1
1-0

[Event "Mechanics' Shipman TNM; G/2 d/5"]
[Site "San Francisco"]
[Date "2018.09.11"]
[Round "6.6"]
[White "Vickers, Keith"]
[Black "Krasnov, Steven"]
[Result "1/2-1/2"]
[WhiteElo "2200"]
[BlackElo "1863"]
[PlyCount "68"]
[EventDate "2018.??.??"]
[Source "ChessBase"]
[SourceDate "2007.09.04"]

1. d4 Nf6 2. Nf3 e6 3. Bf4 c5 4. c3 Nc6 5. e3 b6 6. Nbd2 Be7 7. h3 Bb7 8. Bd3
d6 9. O-O O-O 10. Bh2 Rc8 11. Qe2 h6 12. Rfd1 Qc7 13. Rac1 Qb8 14. Ba6 cxd4 15.
Nxd4 Nxd4 16. exd4 Rfd8 17. Re1 Rc7 18. Bxb7 Qxb7 19. a4 Rcc8 20. Ne4 Qc6 21.
Nxf6+ Bxf6 22. Qb5 g6 23. Rcd1 Qc4 24. Bf4 Kg7 25. Be3 d5 26. Bf4 Rc6 27. Be5
a6 28. Qxc4 Rxc4 29. Ra1 Bxe5 30. Rxe5 Rd6 31. Re3 Rdc6 32. Kf1 f6 33. Ke2 Kf7
34. Kd2 Rc7 1/2-1/2

[Event "Mechanics' Winter TNM; G/2 d5"]
[Site "San Francisco"]
[Date "2018.01.23"]
[Round "3.5"]
[White "Vickers, Keith"]
[Black "Kuczek, Kevin W"]
[Result "1-0"]
[WhiteElo "2200"]
[BlackElo "1916"]
[PlyCount "95"]
[EventDate "2018.??.??"]
[Source "ChessBase"]
[SourceDate "2007.09.04"]

1. Nc3 e5 2. Nf3 Nc6 3. d4 exd4 4. Nxd4 Bb4 5. Nxc6 Bxc3+ 6. bxc3 bxc6 7. Qd4
Qf6 8. h4 Qxd4 9. cxd4 Nf6 10. Rh3 d5 11. Rb3 Ba6 12. e3 Bxf1 13. Kxf1 Ne4 14.
Rab1 Kd7 15. Ke1 Nd6 16. Ba3 Nc4 17. Bc5 a5 18. a4 Rhe8 19. Ke2 f5 20. g3 h5
21. Kd3 Re6 22. Rb7 Rae8 23. Ke2 Re4 24. Kd1 Ra8 25. Bb6 Nxb6 26. R1xb6 Ree8
27. Kd2 Kd6 28. Rb3 Ra6 29. Kd3 Rea8 30. c4 R8a7 31. c5+ Kd7 32. Rxa7 Rxa7 33.
Rb8 Ke6 34. Ke2 Kf6 35. Kf3 Kg6 36. Kf4 Kf6 37. f3 g6 38. g4 hxg4 39. fxg4 fxg4
40. Kxg4 Kg7 41. Kg5 Kf7 42. Kh6 Ra6 43. Rb7 Kf6 44. Rxc7 Kf5 45. Rf7+ Kg4 46.
Rf4+ Kg3 47. Kxg6 Ra7 48. h5 1-0

[Event "Mechanics' Bedjanian TNM; G/2 d/5"]
[Site "San Francisco"]
[Date "2018.12.04"]
[Round "7.13"]
[White "Vickers, Keith"]
[Black "Mays, Jerry L"]
[Result "1-0"]
[WhiteElo "2200"]
[BlackElo "1700"]
[Annotator "Winslow,Elliott"]
[PlyCount "45"]
[EventDate "2018.??.??"]
[Source "ChessBase"]
[SourceDate "2007.09.04"]

1. Nc3 c5 2. f4 Nc6 3. Nf3 d6 4. e4 e6 5. d4 cxd4 6. Nxd4 a6 7. Be3 Bd7 8. Be2
Nf6 9. O-O Be7 {After an exotic beginning, it's a staid Scheveningen. Well,
with a somewhat early ...Bd7.} 10. f5 $5 $146 (10. Qe1) (10. a4) (10. Bf3)
10... e5 $6 (10... O-O) (10... Ne5) 11. Nb3 b5 12. Bf3 (12. Nd5) (12. a3) (12.
a4) 12... Na5 13. Nxa5 Qxa5 14. Nd5 (14. a3) 14... Nxd5 15. Qxd5 O-O 16. Bh5 $6
{(17.Bxf7+ s easily parried)} Qd8 (16... Rac8 17. c3 Qc7 {
when that errant bishop should return.}) 17. Rf3 $5 Rc8 18. Rg3 Rc4 $6 (18...
Bh4 19. Rg4 (19. Rh3 Rxc2) 19... Bc6 20. Qd3 Kh8 {
and the initiative passes to Black}) 19. Bh6 Bf6 {[#]} 20. Rf1 $4 {
looking for Bxg7, but...} (20. Qxd6 Kh8 21. Rd1 gxh6 22. Qxd7 Qb6+ 23. Kh1 Rxe4
$11) 20... Bc6 $4 (20... Kh8 $1 $19 21. Be3 Bc6 22. Qd1 Bxe4 23. c3 Qd7 24. Bg4
d5) 21. Qd2 $1 Rxe4 ({Too late for} 21... Kh8 {; after} 22. Bxg7+ $1 Bxg7 23.
f6 $1 Bxf6 24. Qh6 {the computer is already looking for the fastest mate.}) (
21... g6 22. fxg6 hxg6 23. Bxg6 fxg6 24. Rxg6+ Kh7 25. Bxf8 Kxg6 26. Qh6+ Kf7
27. Bg7) 22. Bxg7 $1 Bxg7 23. Qh6 1-0

[Event "Mechanics' Bedjanian TNM; G/2 d/5"]
[Site "San Francisco"]
[Date "2018.12.18"]
[Round "9.9"]
[White "Vickers, Keith"]
[Black "Robeal, Rafik"]
[Result "0-1"]
[WhiteElo "2200"]
[BlackElo "1667"]
[Annotator "Winslow,Elliott"]
[PlyCount "68"]
[EventDate "2018.??.??"]
[Source "ChessBase"]
[SourceDate "2007.09.04"]

1. Nc3 b6 2. f4 e6 3. Nf3 Bb7 4. e4 Bb4 5. d3 d5 6. Bd2 dxe4 7. Nxe4 Na6 8. Qe2
Ne7 9. c3 Bd6 10. d4 Nd5 11. Nxd6+ Qxd6 12. Ne5 Nf6 13. Qb5+ c6 14. Nxc6 Bxc6
15. Qxa6 O-O 16. O-O-O Ne4 17. Be3 Rfc8 18. Rg1 Rc7 19. Bd3 Bb7 20. Qa4 a6 {[#]
} 21. Kb1 $2 (21. d5 $1 $16) 21... Rxc3 {[#]} (21... Nxc3+ $5 22. bxc3 Rxc3 23.
d5 $3 (23. Kb2 $4 Bc6) 23... Bxd5 24. Kb2 b5 25. Qa5 b4 26. Qb6 Qf8 27. Qd4 $14
) 22. Ka1 $2 (22. d5 $1 Qxd5 $8 23. Qd4 Qxd4 24. Bxd4 Rcc8 25. Bxb6 Nc5 $11)
22... Bc6 $19 23. bxc3 Bxa4 24. Bxe4 Rc8 (24... Bxd1 25. Bxa8 Qa3 $1) 25. Rc1
Qa3 26. Bd2 Bb3 27. Bb1 Rc4 28. Rc2 Bxc2 29. Bxc2 b5 30. Bb3 Rc8 31. Re1 a5 32.
Rxe6 a4 33. Ra6 Qe7 34. Bd1 Qb7 0-1

[Event "Mechanics' Spring TNM; G/2 d5"]
[Site "San Francisco"]
[Date "2018.04.03"]
[Round "3.19"]
[White "Vickers, Keith"]
[Black "Sherwood, Peter"]
[Result "1-0"]
[WhiteElo "2200"]
[BlackElo "1651"]
[Annotator "Sherwood"]
[PlyCount "157"]
[EventDate "2018.??.??"]
[Source "ChessBase"]
[SourceDate "2007.09.04"]

1. Nc3 e5 2. Nf3 Nc6 3. d4 exd4 4. Nxd4 Bc5 (4... Nf6 5. Bg5 Bb4 6. e3 O-O 7.
Be2 h6 8. Bxf6 Bxc3+ {Ivanchuk-Anand 1998 0-1 in 56}) 5. Be3 Nxd4 6. Bxd4 Bxd4
7. Qxd4 Nf6 (7... Qf6) 8. Qe5+ Kf8 9. O-O-O d6 10. Qg5 Be6 11. f3 Nd7 12. Qd2
Qf6 13. Kb1 Nb6 14. e4 Nc4 15. Bxc4 Bxc4 16. b3 Be6 17. Nb5 Qe7 18. Qc3 Rc8 (
18... Bd7 $1 19. Nxc7 Rc8) 19. Nxa7 Ra8 20. Nb5 Rc8 21. Rd4 f6 22. Rhd1 Kf7 23.
Ra4 Bd7 24. Qc4+ Qe6 25. Qxe6+ (25. Nxc7) 25... Kxe6 26. Nd4+ Kf7 27. Ra7 Rb8
28. a4 Rhc8 29. Nb5 Bxb5 30. axb5 Ke6 31. Kb2 g6 32. c4 b6 33. Kc3 Ra8 34. Rda1
Rxa7 35. Rxa7 f5 36. Kd4 fxe4 37. Kxe4 Kd7 38. Ra2 Re8+ 39. Kd3 Re1 40. Re2
Rd1+ 41. Ke4 Rb1 42. Kf4 h6 (42... Rxb3 43. Kg5) 43. Re3 Rb2 44. Kg3 Rd2 45. f4
d5 46. Re5 d4 47. Rd5+ Ke7 48. Kf3 d3 49. h3 Rd1 50. Ke3 Rg1 51. Kf2 Rd1 52. g3
Ke6 53. Re5+ Kf6 54. Re1 $6 Rd2+ $2 ({Now Black could have drawn with} 54...
Rxe1 55. Kxe1 Kf5 56. Kd2 Ke4 57. b4 h5 58. c5 Kf3 59. Kxd3 Kxg3 60. Ke4 Kxh3
61. Kd5 Kg4 62. Kc6 h4 63. Kxc7 h3 64. cxb6 h2 65. b7 h1=Q 66. b8=Q) 55. Ke3
Rb2 56. Rd1 Rxb3 57. Rxd3 Rb1 58. Rd7 Re1+ 59. Kf2 Re7 60. Rxe7 Kxe7 61. Ke3
Kd6 62. Kd4 Ke6 63. g4 Kd6 64. f5 gxf5 65. gxf5 h5 66. h4 c6 67. Ke4 cxb5 68.
cxb5 Kd7 69. Kd5 Ke7 70. Kc6 Kf6 71. Kxb6 Kxf5 72. Ka6 Kg4 73. b6 Kxh4 74. b7
Kh3 75. b8=Q h4 76. Qb2 Kg3 77. Qe5+ Kg2 78. Qe4+ Kg3 79. Qh1 1-0

[Event "Mechanics' Bedjanian TNM; G/2 d/5"]
[Site "San Francisco"]
[Date "2018.10.23"]
[Round "1.5"]
[White "Vickers, Keith"]
[Black "Simpkins, Jerry"]
[Result "1-0"]
[WhiteElo "2200"]
[BlackElo "1545"]
[PlyCount "59"]
[EventDate "2018.??.??"]
[Source "ChessBase"]
[SourceDate "2007.09.04"]

1. d4 d5 2. e3 e6 3. Bd3 f5 4. Nf3 Nc6 5. a3 Nf6 6. c4 Bd6 7. Nc3 O-O 8. Qc2
Ne4 9. cxd5 exd5 10. Nxd5 Bxh2 11. Rxh2 Be6 12. Nc3 Qd6 13. d5 Ne5 14. Nxe5
Qxe5 15. f4 Qf6 16. Bxe4 fxe4 17. dxe6 Qxe6 18. Bd2 Qg4 19. Nxe4 Rae8 20. Nf2
Qg3 21. Qxh7+ Kf7 22. Qh4 Rxe3+ 23. Bxe3 Qxe3+ 24. Kf1 Kg8 25. Re1 Qd2 26. Qh7+
Kf7 27. Qf5+ Kg8 28. Qe6+ Rf7 29. Rh8+ Kxh8 30. Qxf7 1-0